Complete CLAT Manual/ (Record no. 215625)

MARC details
000 -LEADER
fixed length control field 00641nam a22002057a 4500
005 - DATE AND TIME OF LATEST TRANSACTION
control field 20260318151433.0
010 ## - LCCN (DPL NO)
LC control number ENG-147903
020 ## - INTERNATIONAL STANDARD BOOK NUMBER
International Standard Book Number 9789371367912
Terms of availability 1000.00
035 ## - SYSTEM CONTROL NUMBER
System control number EN-131435
037 ## - SOURCE OF ACQUISITION
Source of stock number/acquisition DBAD
082 ## - DEWEY DECIMAL CLASSIFICATION NUMBER
Classification number 000
Edition number 2
100 ## - MAIN ENTRY--PERSONAL NAME
Personal name Rajneesh Singh
245 ## - TITLE STATEMENT
Title Complete CLAT Manual/
Statement of responsibility, etc Rajneesh Singh [and] Kaushiki Singh
250 ## - EDITION STATEMENT
Edition statement 2
260 ## - PUBLICATION, DISTRIBUTION, ETC. (IMPRINT)
Place of publication, distribution, etc Noida
Name of publisher, distributor, etc Pearson India Education
Date of publication, distribution, etc 2026
270 ## - ADDRESS
Address 15th Floor, Towe-B, World Trade Tower, Plot No.1, Block-C, Sector-16
City Noida
Postal code 201301
300 ## - PHYSICAL DESCRIPTION
Extent vpp.
Dimensions 25cm(pb)
700 ## - ADDED ENTRY--PERSONAL NAME
Personal name Kaushiki Singh
Relator term Author
9 (RLIN) 88596
942 ## - ADDED ENTRY ELEMENTS (KOHA)
Source of classification or shelving scheme Dewey Decimal Classification
Item type English Books
Classification part 000
Call number suffix RAJ
Holdings
Withdrawn status Lost status Not for loan Collection code Home library Current library Date acquired Source of acquisition Cost, normal purchase price Full call number Barcode Copy number Cost, replacement price Koha item type
    Not For Loan Non-fiction D.B.Act.Division D.B.Act.Division 18/03/2026 Delivery of Books Act Division 1000.00 000 RAJ EN-131435 1 1000.00 English Books

© Delhi Public Library
Hit Counter
free hit counter